Nový marketing

Význam a potreba sociálnych sietí pre marketing, ktoré vytvárajú interaktívnu komunikačnú platformu so zákazníkmi. Na základe potrieb trhu možno upravovať a meniť prvky marketingového mixu a využívať výhody priameho kontaktu.

Salvato in:
Dettagli Bibliografici
Autore principale: Dzurová, Mária
Natura: Capitolo di libro
Lingua:slovacco
Soggetti:
Tags: Aggiungi Tag
Nessun Tag, puoi essere il primo ad aggiungerne!!

MARC

LEADER 00000nla a2200000 4500
001 0180224
005 20240502073051.3
041 0 |a slo 
044 |a SK 
245 1 0 |a Nový marketing  |c Mária Dzurová 
520 |a Význam a potreba sociálnych sietí pre marketing, ktoré vytvárajú interaktívnu komunikačnú platformu so zákazníkmi. Na základe potrieb trhu možno upravovať a meniť prvky marketingového mixu a využívať výhody priameho kontaktu. 
610 2 0 |a marketing 
610 2 0 |a marketing mix 
610 2 0 |a komunikácia marketingová 
610 2 0 |a nástroje marketingové 
610 2 0 |a stratégia marketingová 
610 2 0 |a siete sociálne 
610 2 0 |a marketing elektronický 
100 1 |a Dzurová, Mária